[Event "Guaynabo 3rd"]
[Site "Guaynabo"]
[Date "2013.07.07"]
[Round "4"]
[White "Suarez Rosa, Angel E"]
[Black "Almedina Ortiz, Edgardo J"]
[Result "0-1"]
[WhiteElo "1878"]
[BlackElo "2296"]
[PlyCount "134"]
[EventDate "2013.07.05"]
[EventType "tourn"]
[EventRounds "9"]
[EventCountry "PUR"]
[SourceTitle "EXT 2014"]
[Source "ChessBase"]
[SourceDate "2013.11.20"]
[SourceVersion "1"]
[SourceVersionDate "2013.11.20"]
[SourceQuality "1"]

1. d4 Nf6 2. Nf3 g6 3. c4 Bg7 4. Nc3 0-0 5. Bf4 d6 6. e3 c5 7. Be2 cxd4 8. exd4 d5 9. 0-0 Nc6 10. h3 b6 11. Re1 Bb7 12. Rc1 Rc8 13. b3 dxc4 14. bxc4 Ne8 15. d5 Na5 16. Nb5 a6 17. Nbd4 Nd6 18. Bxd6 Qxd6 19. Nb3 Nxb3 20. axb3 Rfd8 21. Bf1 Qb4 22. Ne5 b5 23. Rb1 Bxe5 24. Rxe5 e6 25. Qe1 Qxe1 26. Rexe1 exd5 27. cxb5 axb5 28. Bxb5 Rc2 29. Re7 Bc8 30. Ba4 Bf5 31. Rbe1 Rb2 32. Re8+ Rxe8 33. Rxe8+ Kg7 34. Re5 Be6 35. Re3 Kf6 36. g4 Kg5 37. Kg2 Kf4 38. Rd3 Ke5 39. Kg3 d4 40. b4 Rxb4 41. f4+ Ke4 42. Ra3 Rc4 43. Bd1 Rc3+ 44. Bf3+ Ke3 45. Ra5 d3 46. f5 Bb3 47. fxg6 hxg6 48. Re5+ Kd4 49. Re7 Be6 50. Re8 d2 51. Rd8+ Ke3 52. Rd6 g5 53. Bd1 Rd3 54. Ra6 Bb3 55. Bf3 d1Q 56. Bxd1 Rxd1 57. Ra3 Rd3 58. Ra5 Bd5 59. Ra1 Ke2+ 60. Kh2 Kf2 61. Rb1 Rd2 62. h4 gxh4 63. Kh3 Be6 64. Rb4 Kf3 65. Kxh4 Rg2 66. Kh5 Rxg4 67. Ra4 Rxa4 0-1

[Event "Guaynabo 3rd"]
[Site "Guaynabo"]
[Date "2013.07.06"]
[Round "3"]
[White "Berrios Echevarria, Gabriel"]
[Black "Suarez Rosa, Angel E"]
[Result "1-0"]
[WhiteElo "2224"]
[BlackElo "1878"]
[PlyCount "51"]
[EventDate "2013.07.05"]
[EventType "tourn"]
[EventRounds "9"]
[EventCountry "PUR"]
[SourceTitle "EXT 2014"]
[Source "ChessBase"]
[SourceDate "2013.11.20"]
[SourceVersion "1"]
[SourceVersionDate "2013.11.20"]
[SourceQuality "1"]

1. c4 Nf6 2. g3 c5 3. Bg2 Nc6 4. Nc3 g6 5. Nf3 Bg7 6. 0-0 0-0 7. d4 cxd4 8. Nxd4 Nxd4 9. Qxd4 d6 10. Qd3 Ne8 11. b3 Nc7 12. Bb2 Rb8 13. Rad1 b6 14. Qd2 Bb7 15. e4 Qe8 16. Nd5 Bxd5 17. cxd5 Bxb2 18. Qxb2 a5 19. Rfe1 Qd8 20. h4 h5 21. Qd2 Ne8 22. Bh3 Rb7 23. Rc1 Nf6 24. Rc8 Qxc8 25. Bxc8 Rxc8 26. e5 1-0

[Event "Guaynabo 3rd"]
[Site "Guaynabo"]
[Date "2013.07.05"]
[Round "1"]
[White "Vazquez Maccarini, Danitza"]
[Black "Suarez Rosa, Angel E"]
[Result "1-0"]
[WhiteElo "1859"]
[BlackElo "1878"]
[PlyCount "49"]
[EventDate "2013.07.05"]
[EventType "tourn"]
[EventRounds "9"]
[EventCountry "PUR"]
[SourceTitle "EXT 2014"]
[Source "ChessBase"]
[SourceDate "2013.11.20"]
[SourceVersion "1"]
[SourceVersionDate "2013.11.20"]
[SourceQuality "1"]

1. e4 e6 2. d4 d5 3. exd5 exd5 4. c4 c6 5. Nc3 Be7 6. Nf3 Nf6 7. Bd3 dxc4 8. Bxc4 0-0 9. 0-0 Nbd7 10. h3 Nb6 11. Bb3 h6 12. Re1 Bf5 13. Be3 Nfd5 14. Ne5 f6 15. Ng4 Bg6 16. Bf4 Bd6 17. Bxd6 Qxd6 18. Ne3 Bf7 19. Nf5 Qf4 20. Bc2 Rfe8 21. Rxe8+ Rxe8 22. g3 Qc7 23. Qg4 Be6 24. Qg6 Bxf5 25. Qxe8+ 1-0

[Event "Guaynabo Tuesdays 2nd"]
[Site "Guaynabo"]
[Date "2013.07.02"]
[Round "5.1"]
[White "Vazquez Maccarini, Danitza"]
[Black "Suarez Rosa, Angel E"]
[Result "0-1"]
[WhiteElo "1832"]
[BlackElo "1878"]
[PlyCount "86"]
[EventDate "2013.06.04"]
[EventType "swiss"]
[EventRounds "5"]
[EventCountry "PUR"]
[SourceTitle "EXT 2024"]
[Source "ChessBase"]
[SourceDate "2023.10.10"]
[SourceVersion "1"]
[SourceVersionDate "2023.10.10"]
[SourceQuality "1"]

1. e4 e6 2. d4 d5 3. Nd2 Be7 4. c3 Nf6 5. e5 Nfd7 6. Ndf3 c5 7. Bd3 a5 8. Ne2 Nc6 9. 0-0 cxd4 10. cxd4 a4 11. a3 Na5 12. Qxa4 Kf8 13. Qd1 Qb6 14. b4 Nc4 15. Bxc4 dxc4 16. Qc2 Qc6 17. Be3 b5 18. Nc3 Nb6 19. Ng5 Bxg5 20. Bxg5 Bb7 21. f4 Na4 22. Nxa4 Rxa4 23. Rfd1 Qd5 24. Bh4 h6 25. Be1 Ke8 26. Bc3 h5 27. h3 Rh6 28. Kh2 Rg6 29. Rg1 h4 30. Ra2 Rg3 31. Qd2 Qe4 32. Re1 Qf5 33. Rg1 Bxg2 34. Rxg2 Qxh3+ 35. Kg1 Rxc3 36. Rxg7 Raxa3 37. Rg2 Rxa2 38. Qxa2 Ra3 39. Qb2 Rg3 40. Rxg3 hxg3 41. Qa2 Qh2+ 42. Qxh2 gxh2+ 43. Kxh2 c3 0-1